Применение семантических сетей и фреймовых моделей для автоматического аннотирования текстов на естественных языках; Технологии Microsoft в теории и практике программирования

Podrobná bibliografie
Parent link:Технологии Microsoft в теории и практике программирования.— 2010.— С. 84-85
Hlavní autor: Губин М. Ю. Максим Юрьевич
Další autoři: Разин В. В. Владимир Викторович
Jazyk:ruština
Vydáno: 2010
Témata:
Médium: MixedMaterials Kapitola
KOHA link:https://koha.lib.tpu.ru/cgi-bin/koha/opac-detail.pl?biblionumber=191027

MARC

LEADER 00000naa2a2200000 4500
001 191027
005 20231031180457.0
035 |a (RuTPU)RU\TPU\book\208267 
090 |a 191027 
100 |a 20110201d2010 k y0rusy50 ca 
101 0 |a rus 
102 |a RU 
200 1 |a Применение семантических сетей и фреймовых моделей для автоматического аннотирования текстов на естественных языках  |f М. Ю. Губин, В. В. Разин 
463 0 |0 (RuTPU)RU\TPU\book\199160  |y 978-5-98298-640-5  |t Технологии Microsoft в теории и практике программирования  |o сборник трудов VII Всероссийской научно-практической конференции студентов, аспирантов и молодых ученых, 23-24 марта 2010 г. г. Томск  |f Национальный исследовательский Томский политехнический университет (ТПУ); под ред. О. М. Гергета  |v С. 84-85  |d 2010  |p 240 с. 
610 1 |a семантические сети 
610 1 |a фреймовые модели 
610 1 |a тексты 
610 1 |a автоматическое аннотирование 
610 1 |a семантический анализ 
610 1 |a труды учёных ТПУ 
700 1 |a Губин  |b М. Ю.  |c специалист в области оптимизации систем управления  |c ассистент Томского политехнического университета  |g Максим Юрьевич  |2 stltpush  |3 (RuTPU)RU\TPU\pers\27769 
701 1 |a Разин  |b В. В.  |c специалист в области когнитивных систем и управления знаниями  |c программист Томского политехнического университета  |f 1986-  |g Владимир Викторович  |2 stltpush  |3 (RuTPU)RU\TPU\pers\27770 
801 1 |a RU  |b 63413507  |c 20110201 
801 2 |a RU  |b 63413507  |c 20130128  |g RCR 
942 |c BK